[Event "Niederoesterreich Landesliga 1011"]
[Site "Austria"]
[Date "2011.03.06"]
[Round "11"]
[White "Lechner, Daniel"]
[Black "Strobel, Ferdinand"]
[Result "1-0"]
[WhiteElo "1998"]
[BlackElo "2026"]
[PlyCount "35"]
[EventDate "2010.09.12"]
[EventType "team-tourn"]
[EventRounds "13"]
[EventCountry "AUT"]
[SourceTitle "EXT 2022"]
[Source "ChessBase"]
[SourceDate "2021.10.06"]
[SourceVersion "1"]
[SourceVersionDate "2021.10.06"]
[SourceQuality "1"]

1. d4 f5 2. Nf3 Nf6 3. g3 g6 4. Bg2 Bg7 5. 0-0 0-0 6. b3 d6 7. Bb2 c6 8. c4 Qe8 9. Nbd2 h6 10. Qc2 Na6 11. Rae1 Qf7 12. a3 Re8 13. e4 fxe4 14. Nxe4 Bf5 15. Nh4 e6 16. Nxf5 Nxe4 17. Nxg7 Nf6 18. Nxe8 1-0

[Event "Niederoesterreich Landesliga 1011"]
[Site "Austria"]
[Date "2011.01.23"]
[Round "9"]
[White "Descovich, Nicolai"]
[Black "Strobel, Ferdinand"]
[Result "1/2-1/2"]
[WhiteElo "2076"]
[BlackElo "2026"]
[PlyCount "28"]
[EventDate "2010.09.12"]
[EventType "team-tourn"]
[EventRounds "13"]
[EventCountry "AUT"]
[SourceTitle "EXT 2022"]
[Source "ChessBase"]
[SourceDate "2021.10.06"]
[SourceVersion "1"]
[SourceVersionDate "2021.10.06"]
[SourceQuality "1"]

1. e4 d6 2. d4 g6 3. f4 Nf6 4. Nc3 Bg7 5. Nf3 c5 6. dxc5 Qa5 7. Bd3 Qxc5 8. Qe2 0-0 9. Be3 Qa5 10. 0-0 Nc6 11. h3 Bd7 12. a3 Nh5 13. Kh2 e5 14. fxe5 Nxe5 1/2-1/2